[Event "BI-2014-P-0031"]
[Site "LSS email"]
[Date "2014.04.19"]
[Round "?"]
[White "Koch, Christian"]
[Black "Sanchez, Carlos Alberto"]
[Result "1/2-1/2"]
[WhiteElo "2139"]
[BlackElo "1722"]
[PlyCount "68"]
[EventDate "2014.04.25"]
[EventType "tourn (corr)"]
[EventRounds "10"]
[EventCountry "GER"]
[SourceTitle "Corr 2015"]
[Source "ChessBase"]
[SourceDate "2015.07.17"]
[SourceVersion "1"]
[SourceVersionDate "2015.07.17"]
[SourceQuality "1"]

1. e4 c5 2. Nf3 d6 3. d4 cxd4 4. Nxd4 Nf6 5. Nc3 a6 6. Be3 e5 7. Nb3 Be6 8. f3 h5 9. Nd5 Bxd5 10. exd5 Nbd7 11. Qd2 g6 12. Be2 Bg7 13. 0-0 b6 14. a4 0-0 15. c4 Nc5 16. Qc2 Re8 17. Nd2 e4 18. f4 Ng4 19. Bxg4 hxg4 20. f5 Qf6 21. b4 Nd3 22. Nxe4 Qe5 23. Qxd3 Qxe4 24. Qxe4 Rxe4 25. f6 Rxe3 26. fxg7 Rb3 27. Rfb1 Rxb1+ 28. Rxb1 Rc8 29. Rc1 Kxg7 30. Kf2 f5 31. Ke3 Kf6 32. Kd3 f4 33. Re1 Kg5 34. Re6 f3 1/2-1/2

[Event "BI-2014-P-0031"]
[Site "LSS email"]
[Date "2014.04.19"]
[Round "?"]
[White "Sanchez, Carlos Alberto"]
[Black "Glowatzky, Tihomir"]
[Result "1/2-1/2"]
[WhiteElo "1722"]
[BlackElo "1901"]
[PlyCount "50"]
[EventDate "2014.04.25"]
[EventType "tourn (corr)"]
[EventRounds "10"]
[EventCountry "GER"]
[SourceTitle "Corr 2015"]
[Source "ChessBase"]
[SourceDate "2015.07.17"]
[SourceVersion "1"]
[SourceVersionDate "2015.07.17"]
[SourceQuality "1"]

1. e4 e5 2. Nf3 Nf6 3. Nxe5 d6 4. Nf3 Nxe4 5. d4 d5 6. Bd3 Nc6 7. 0-0 Be7 8. c4 Nb4 9. Be2 0-0 10. Nc3 Bf5 11. a3 Nxc3 12. bxc3 Nc6 13. Re1 Re8 14. cxd5 Qxd5 15. Bf4 Rac8 16. Bd3 Qd7 17. Rb1 b6 18. d5 Bxd3 19. Qxd3 Bxa3 20. Ng5 g6 21. Ne4 Be7 22. Qd2 Na5 23. Bh6 Qf5 24. Re2 Nc4 25. Qd4 Ne5 1/2-1/2

[Event "BI-2014-P-0031"]
[Site "LSS email"]
[Date "2014.04.19"]
[Round "?"]
[White "Verich, Oleg"]
[Black "Sanchez, Carlos Alberto"]
[Result "0-1"]
[WhiteElo "1027"]
[BlackElo "1722"]
[PlyCount "58"]
[EventDate "2014.04.25"]
[EventType "tourn (corr)"]
[EventRounds "10"]
[EventCountry "GER"]
[SourceTitle "Corr 2015"]
[Source "ChessBase"]
[SourceDate "2015.07.17"]
[SourceVersion "1"]
[SourceVersionDate "2015.07.17"]
[SourceQuality "1"]

1. c4 e5 2. Nc3 Nf6 3. g3 Bb4 4. Bg2 0-0 5. a3 Bxc3 6. bxc3 Re8 7. Nf3 e4 8. Nd4 c5 9. Nc2 Nc6 10. 0-0 d5 11. cxd5 Qxd5 12. Ne3 Qh5 13. d3 Bh3 14. dxe4 Bxg2 15. Kxg2 Rxe4 16. f3 Re6 17. Ra2 Rae8 18. Nc4 Nd5 19. Qd3 Rd8 20. Qc2 b5 21. Nb2 Nxc3 22. Qxc3 Rxe2+ 23. Rf2 Rxf2+ 24. Kxf2 Qxh2+ 25. Ke3 Re8+ 26. Kf4 Qh6+ 27. Kg4 f5+ 28. Kxf5 g6+ 29. Kg4 Qh5+ 0-1

[Event "BI-2014-P-0031"]
[Site "LSS email"]
[Date "2014.04.19"]
[Round "?"]
[White "Vodicka, Milan"]
[Black "Sanchez, Carlos Alberto"]
[Result "0-1"]
[WhiteElo "1933"]
[BlackElo "1722"]
[PlyCount "60"]
[EventDate "2014.04.25"]
[EventType "tourn (corr)"]
[EventRounds "10"]
[EventCountry "GER"]
[SourceTitle "Corr 2015"]
[Source "ChessBase"]
[SourceDate "2015.07.17"]
[SourceVersion "1"]
[SourceVersionDate "2015.07.17"]
[SourceQuality "1"]

1. d4 Nf6 2. c4 e6 3. Nf3 d5 4. Nc3 c6 5. e3 Nbd7 6. Bd3 dxc4 7. Bxc4 b5 8. Be2 Bb7 9. a3 a6 10. b4 a5 11. Rb1 axb4 12. axb4 Nd5 13. Nxd5 exd5 14. Bd3 Bd6 15. Bd2 0-0 16. 0-0 g6 17. e4 dxe4 18. Bxe4 Re8 19. Re1 Nf6 20. Bg5 h6 21. Bxf6 Qxf6 22. Qb3 Kg7 23. Qc3 Rxe4 24. Rxe4 c5 25. Re3 cxb4 26. Qe1 Qf4 27. Ne5 Bd5 28. g3 Qf5 29. Rb2 Ra3 30. f3 h5 0-1

[Event "BI-2011-F-00004"]
[Site "LSS email"]
[Date "2012.02.12"]
[Round "?"]
[White "Krueger, Hilmar"]
[Black "Sanchez, Carlos Alberto"]
[Result "1/2-1/2"]
[WhiteElo "2163"]
[BlackElo "1676"]
[PlyCount "56"]
[EventDate "2012.02.15"]
[EventType "tourn (corr)"]
[EventRounds "10"]
[EventCountry "GER"]
[SourceTitle "Telechess CBM 165"]
[Source "ChessBase"]
[SourceDate "2015.03.11"]
[SourceVersion "1"]
[SourceVersionDate "2015.03.11"]
[SourceQuality "1"]

1. e4 e5 2. Nf3 Nc6 3. Bc4 Nf6 4. Ng5 d5 5. exd5 Na5 6. Bb5+ c6 7. dxc6 bxc6 8. Be2 h6 9. Nh3 Bc5 10. d3 0-0 11. 0-0 Nb7 12. Bf3 Qc7 13. Nc3 Re8 14. Be3 Rb8 15. Qd2 Bb6 16. Rae1 Bxh3 17. gxh3 Nd6 18. Bxb6 axb6 19. Bg2 Rbd8 20. a4 b5 21. axb5 cxb5 22. f4 e4 23. Qf2 exd3 24. cxd3 b4 25. Ne4 Re6 26. f5 Ndxe4 27. dxe4 Re5 28. Kh1 Rc5 1/2-1/2

[Event "BI-2011-F-00004"]
[Site "LSS email"]
[Date "2012.02.12"]
[Round "?"]
[White "Sanchez, Carlos Alberto"]
[Black "Blair, Matthew"]
[Result "1/2-1/2"]
[WhiteElo "1676"]
[BlackElo "1809"]
[PlyCount "91"]
[EventDate "2012.02.15"]
[EventType "tourn (corr)"]
[EventRounds "10"]
[EventCountry "GER"]
[SourceTitle "Telechess CBM 165"]
[Source "ChessBase"]
[SourceDate "2015.03.11"]
[SourceVersion "1"]
[SourceVersionDate "2015.03.11"]
[SourceQuality "1"]

1. e4 c5 2. Nf3 Nc6 3. d4 cxd4 4. Nxd4 Nf6 5. Nc3 e5 6. Ndb5 d6 7. Bg5 a6 8. Na3 b5 9. Nd5 Be7 10. Bxf6 Bxf6 11. c3 Bg5 12. Nc2 Ne7 13. h4 Bh6 14. a4 bxa4 15. Ncb4 0-0 16. Qxa4 Nxd5 17. Nxd5 a5 18. Bb5 Be6 19. Bc6 Rb8 20. b4 axb4 21. cxb4 Kh8 22. b5 Bxd5 23. Bxd5 Qb6 24. 0-0 Qxb5 25. Qxb5 Rxb5 26. Ra6 f5 27. Rxd6 fxe4 28. Bxe4 Rb4 29. Re1 Rb2 30. g4 Bd2 31. Re2 Bb4 32. Rxb2 Bxd6 33. Kg2 g6 34. Rb7 Rb8 35. Rd7 Bc5 36. Rd5 Bd4 37. f3 Rb2+ 38. Kf1 Rf2+ 39. Ke1 Rh2 40. Rd8+ Kg7 41. Rd7+ Kg8 42. Bd5+ Kh8 43. h5 Be3 44. Be4 gxh5 45. Rxh7+ Kg8 46. Rxh5 1/2-1/2

[Event "CP-2011-P-00041"]
[Site "LSS email"]
[Date "2011.09.30"]
[Round "?"]
[White "Pietrzak, Wojciech"]
[Black "Sanchez, Carlos Alberto"]
[Result "0-1"]
[WhiteElo "1470"]
[BlackElo "1676"]
[PlyCount "78"]
[EventDate "2011.10.01"]
[EventType "tourn (corr)"]
[EventRounds "6"]
[EventCountry "GER"]
[SourceTitle "Telechess CBM 153"]
[Source "ChessBase"]
[SourceDate "2013.03.14"]
[SourceVersion "1"]
[SourceVersionDate "2013.03.14"]
[SourceQuality "1"]

1. d4 d5 2. Bg5 f6 3. Bh4 Nh6 4. f3 Nc6 5. Bf2 e5 6. dxe5 fxe5 7. e4 d4 8. Bb5 a6 9. Bxc6+ bxc6 10. Ne2 Nf7 11. 0-0 Be7 12. Nd2 0-0 13. Nc4 a5 14. Bg3 Bc5 15. Nc1 Ba6 16. b3 Qe7 17. Nd3 Bxc4 18. bxc4 Bb4 19. Rb1 Rfe8 20. Rb3 h6 21. Qc1 Qe6 22. a3 Bf8 23. Rb7 Nd6 24. Rxc7 Nxc4 25. a4 Rab8 26. Qa1 Ne3 27. Nxe5 Nxf1 28. Rxc6 Bd6 29. Qxf1 Rec8 30. Ra6 Qa2 31. Rxd6 Rb1 32. Be1 Qa3 33. Nc4 Qc5 34. Rd5 Qxc4 35. Rd8+ Kh7 36. Rxc8 Qxc8 37. Qf2 Qc4 38. Qd2 Qxa4 39. Kf2 Rb2 0-1

[Event "CP-2011-P-00041"]
[Site "LSS email"]
[Date "2011.09.30"]
[Round "?"]
[White "Sanchez, Carlos Alberto"]
[Black "Endean, Andrew"]
[Result "1-0"]
[WhiteElo "1676"]
[BlackElo "1642"]
[PlyCount "57"]
[EventDate "2011.10.01"]
[EventType "tourn (corr)"]
[EventRounds "6"]
[EventCountry "GER"]
[SourceTitle "Telechess CBM 153"]
[Source "ChessBase"]
[SourceDate "2013.03.14"]
[SourceVersion "1"]
[SourceVersionDate "2013.03.14"]
[SourceQuality "1"]

1. e4 c5 2. Nf3 d6 3. d4 cxd4 4. Nxd4 Nf6 5. Nc3 a6 6. Be3 e5 7. Nb3 Be6 8. f3 h5 9. Nd5 Bxd5 10. exd5 Nbd7 11. Qd2 g6 12. Be2 Bg7 13. 0-0 0-0 14. Na5 Qc7 15. c4 e4 16. f4 Ng4 17. Bxg4 hxg4 18. Rab1 b6 19. Nc6 Nb8 20. f5 Nxc6 21. dxc6 Qxc6 22. Qe2 g3 23. hxg3 d5 24. cxd5 Qxd5 25. f6 Bh8 26. g4 Qxa2 27. g5 b5 28. Rbe1 Qd5 29. Qf2 1-0

[Event "OP-2011-0-01787"]
[Site "LSS email"]
[Date "2011.09.24"]
[Round "?"]
[White "Satransky, Jaroslav"]
[Black "Sanchez, Carlos Alberto"]
[Result "0-1"]
[WhiteElo "2184"]
[BlackElo "1503"]
[PlyCount "42"]
[EventDate "2011.09.21"]
[EventType "tourn (corr)"]
[EventRounds "4"]
[EventCountry "GER"]
[SourceTitle "Telechess CBM 157"]
[Source "ChessBase"]
[SourceDate "2013.11.12"]
[SourceVersion "1"]
[SourceVersionDate "2013.11.12"]
[SourceQuality "1"]

1. e4 c5 2. Nc3 Nc6 3. f4 g6 4. Nf3 Bg7 5. Bc4 d6 6. 0-0 e6 7. d3 Nge7 8. f5 exf5 9. Qe1 h6 10. a4 Be6 11. Nd5 Bxd5 12. Bxd5 Nxd5 13. exd5+ Ne7 14. c4 0-0 15. Qh4 Nc8 16. Qh3 h5 17. Qg3 Re8 18. Bf4 Re2 19. Rf2 Re8 20. Rc2 a6 21. a5 Rb8 0-1

[Event "BI-2011-P-00009"]
[Site "LSS email"]
[Date "2011.04.17"]
[Round "?"]
[White "Shishkin, Victor A"]
[Black "Sanchez, Carlos Alberto"]
[Result "0-1"]
[WhiteElo "2041"]
[BlackElo "1515"]
[PlyCount "102"]
[EventDate "2011.04.20"]
[EventType "tourn (corr)"]
[EventRounds "10"]
[EventCountry "GER"]
[SourceTitle "Telechess CBM 155"]
[Source "ChessBase"]
[SourceDate "2013.07.16"]
[SourceVersion "1"]
[SourceVersionDate "2013.07.16"]
[SourceQuality "1"]

1. d4 d5 2. c4 c6 3. Nf3 Nf6 4. e3 e6 5. Bd3 Nbd7 6. 0-0 dxc4 7. Bxc4 Bd6 8. Nc3 0-0 9. e4 e5 10. Bg5 h6 11. Bh4 Qe7 12. Re1 Rd8 13. Qc2 exd4 14. Nxd4 Bxh2+ 15. Kxh2 Ng4+ 16. Kh3 Qe5 17. f4 Qh5 18. Bxf7+ Kxf7 19. Qb3+ Kg6 20. Kg3 Nde5 21. Nce2 Kh7 22. Rh1 Rd7 23. Bg5 Qg6 24. fxe5 Nxe5 25. Qe3 Kg8 26. Rad1 Nf7 27. Nf3 hxg5 28. Nc3 Rxd1 29. Rxd1 b6 30. Kf2 Bg4 31. Kg1 Re8 32. Rf1 Bxf3 33. Qxf3 Ne5 34. Qf2 Qh5 35. b3 Qh4 36. Qxh4 gxh4 37. Rf5 Re6 38. Rh5 Ng6 39. Rg5 Kf7 40. g3 hxg3 41. Rxg3 Ne5 42. Kf2 Rg6 43. Rxg6 Kxg6 44. Ke3 Kf6 45. Ne2 c5 46. Nc3 Nc6 47. Nb5 g5 48. Nc3 Ke5 49. Nb5 a6 50. Nc3 b5 51. Nd1 Nb4 0-1

[Event "FICGS class A 000093 email"]
[Site "FICGS email"]
[Date "2011.04.10"]
[Round "1"]
[White "Alcala, Alvin"]
[Black "Sanchez, Carlos Alberto"]
[Result "1/2-1/2"]
[WhiteElo "2160"]
[BlackElo "2000"]
[PlyCount "49"]
[EventDate "2011.??.??"]
[EventType "tourn (corr)"]
[EventRounds "6"]
[SourceTitle "Corr 2013"]
[Source "ChessBase"]
[SourceDate "2012.11.12"]
[SourceVersion "1"]
[SourceVersionDate "2012.11.12"]
[SourceQuality "1"]

1. e4 c6 2. c3 d5 3. e5 Bf5 4. d4 e6 5. Bd3 Ne7 6. Ne2 c5 7. 0-0 Nbc6 8. a3 Bxd3 9. Qxd3 a5 10. Nd2 a4 11. Nf3 Ng6 12. g3 Qd7 13. Be3 Na5 14. Nd2 b5 15. f4 c4 16. Qc2 Ne7 17. Nf3 Nf5 18. Bf2 h5 19. h3 0-0-0 20. Kg2 Be7 21. g4 Nh6 22. g5 Nf5 23. Ng3 Nxg3 24. Bxg3 Nb3 25. Rae1 1/2-1/2